000 00695nam a2200205Ia 4500
003 GCL
005 20240530102055.0
008 140319s9999 xx 000 0 ara d
040 _aGCL /
_cGCL
082 0 4 _a932.2
_bق/ل م
100 1 _aليلى عبداللطيف احمد
245 1 0 _aمصر على مفرق الطرق خايربك المملوكى /
_cليلى عبداللطيف احمد
260 _aالقاهرة :
_bدار الكتاب الجامعى ،
_c1987
300 _a64
650 0 4 _aمصر
650 0 4 _aالتاريخ
650 0 4 _aخايربك المملوكى
650 0 4 _aالعالم العربى - تاريخ - العصر العثمانى
942 _2ddc
_cBK
999 _c29615
_d29615